[Event "NRW-ch"]
[Site "Germany"]
[Date "2002.10.13"]
[Round "2"]
[White "Langer, Christian"]
[Black "Wolter, Kai"]
[Result "1/2-1/2"]
[WhiteElo "2216"]
[BlackElo "2270"]
[PlyCount "136"]
[EventDate "2002.10.12"]
[EventType "tourn"]
[EventRounds "7"]
[EventCountry "GER"]
[EventCategory "2"]
[SourceTitle "CBM 091 Extra"]
[Source "ChessBase"]
[SourceDate "2003.01.09"]
[SourceVersion "1"]
[SourceVersionDate "2003.01.09"]
[SourceQuality "1"]

1. e4 c5 2. Nf3 e6 3. c3 d5 4. exd5 exd5 5. Bb5+ Bd7 6. Bxd7+ Nxd7 7. 0-0 Bd6 8. d3 Ne7 9. c4 0-0 10. Nc3 d4 11. Ne4 Qc7 12. a3 Ng6 13. Re1 h6 14. Rb1 b6 15. b4 Bf4 16. Bxf4 Nxf4 17. Qd2 Rae8 18. bxc5 bxc5 19. Rb3 Re6 20. Reb1 Rb6 21. Rb5 Rfb8 22. g3 Ne6 23. Qa5 f5 24. Ned2 Kf7 25. Qa4 Nef8 26. Qd1 a6 27. Rxb6 Rxb6 28. Rxb6 Qxb6 29. Nh4 g6 30. Qf3 Nf6 31. Qd1 Qe6 32. Nhf3 N8d7 33. Nb3 g5 34. Qd2 f4 35. Qe1 g4 36. Qxe6+ Kxe6 37. Nfd2 f3 38. Kf1 Kd6 39. Ke1 Ne5 40. Nc1 Kc6 41. Ndb3 Ne8 42. Kd2 Nd6 43. Kc2 Kb6 44. Na2 h5 45. Nac1 Nef7 46. Kd2 a5 47. Kd1 a4 48. Nd2 Ng5 49. Ke1 Kc6 50. Kf1 Kd7 51. Ke1 Ke6 52. Kf1 Ke5 53. Ke1 Nf5 54. Nf1 h4 55. Na2 Nh3 56. Nc1 hxg3 57. hxg3 Nd6 58. Nd2 Kf5 59. Na2 Ng5 60. Nc1 Ngf7 61. Kd1 Ne5 62. Ke1 Nb7 63. Kd1 Na5 64. Kc2 Nf7 65. Kd1 Nd6 66. Ke1 Ke5 67. Kd1 Nf5 68. Nf1 Nc6 1/2-1/2

[Event "OWL-ch"]
[Site "Lieme"]
[Date "2002.??.??"]
[Round "4"]
[White "Langer, Christian"]
[Black "Ruerup, Hans Heinz"]
[Result "1-0"]
[WhiteElo "2048"]
[BlackElo "1894"]
[PlyCount "101"]
[EventDate "2002.04.03"]
[EventType "tourn"]
[EventRounds "7"]
[EventCountry "GER"]
[SourceTitle "EXT 2022"]
[Source "ChessBase"]
[SourceDate "2021.10.06"]
[SourceVersion "1"]
[SourceVersionDate "2021.10.06"]
[SourceQuality "1"]

1. e4 c5 2. b4 cxb4 3. a3 e6 4. axb4 Bxb4 5. c3 Be7 6. d4 d6 7. Bd3 Nc6 8. f4 Nf6 9. Nf3 0-0 10. 0-0 Qc7 11. Na3 a6 12. Qc2 h6 13. h3 Bd7 14. Nc4 b5 15. Ne3 Rfc8 16. Ba3 Bf8 17. g4 e5 18. fxe5 dxe5 19. Nd5 Nxd5 20. exd5 Nxd4 21. Bh7+ Kh8 22. cxd4 Qxc2 23. Bxc2 Rxc2 24. Bxf8 Rxf8 25. Nxe5 Re8 26. Rxf7 Bc8 27. d6 Rd2 28. Re7 Rg8 29. d7 Rxd4 30. dxc8Q Rxc8 31. Rxa6 Rc2 32. Nf3 Rd3 33. Ne1 Rg3+ 34. Kf1 Rc1 35. Ra8+ Kh7 36. Raa7 Rxh3 37. Rxg7+ Kh8 38. Rgb7 Rc8 39. Rxb5 Rh1+ 40. Kf2 Rg8 41. Ra4 h5 42. g5 Rf8+ 43. Nf3 Rh3 44. Rb3 h4 45. Rg4 Rh2+ 46. Rg2 Rh3 47. Rg4 Rh2+ 48. Kg1 Ra2 49. Rxh4+ Kg8 50. Rh2 Ra4 51. Kg2 1-0

[Event "OWL-ch"]
[Site "Lieme"]
[Date "2002.??.??"]
[Round "5"]
[White "Schaffarczyk, Andre"]
[Black "Langer, Christian"]
[Result "1/2-1/2"]
[WhiteElo "2073"]
[BlackElo "2048"]
[PlyCount "84"]
[EventDate "2002.04.03"]
[EventType "tourn"]
[EventRounds "7"]
[EventCountry "GER"]
[SourceTitle "EXT 2022"]
[Source "ChessBase"]
[SourceDate "2021.10.06"]
[SourceVersion "1"]
[SourceVersionDate "2021.10.06"]
[SourceQuality "1"]

1. e4 g6 2. d4 Bg7 3. Nc3 c6 4. f4 d5 5. e5 h5 6. Nf3 Bg4 7. Be3 Nh6 8. Bd3 e6 9. 0-0 Nd7 10. h3 Bxf3 11. Qxf3 h4 12. Ne2 Nf5 13. Bf2 Bf8 14. b3 c5 15. c4 dxc4 16. Bxc4 cxd4 17. Nxd4 Nxd4 18. Bxd4 Bc5 19. Bxc5 Nxc5 20. Rfd1 Qe7 21. Bb5+ Kf8 22. b4 a6 23. Bf1 Na4 24. Rd6 Kg7 25. Rad1 Rhc8 26. a3 Rc7 27. R1d4 Rac8 28. Qd1 Nc3 29. Qd2 Nd5 30. Bd3 Rc1+ 31. Kh2 Qc7 32. Be4 Qc3 33. Qxc3 R8xc3 34. Bxd5 exd5 35. f5 gxf5 36. Rxh4 Rxa3 37. Rf4 Rb3 38. Rxf5 Rc7 39. Rf4 Rc4 40. Rf5 Rc7 41. Rf4 Rc4 42. Rf5 Rc7 1/2-1/2

[Event "OWL-ch"]
[Site "Lieme"]
[Date "2002.??.??"]
[Round "7"]
[White "Soelter, Reinhold"]
[Black "Langer, Christian"]
[Result "0-1"]
[WhiteElo "2061"]
[BlackElo "2048"]
[PlyCount "78"]
[EventDate "2002.04.03"]
[EventType "tourn"]
[EventRounds "7"]
[EventCountry "GER"]
[SourceTitle "EXT 2022"]
[Source "ChessBase"]
[SourceDate "2021.10.06"]
[SourceVersion "1"]
[SourceVersionDate "2021.10.06"]
[SourceQuality "1"]

1. e4 c5 2. Nc3 g6 3. Nf3 Bg7 4. g3 Nc6 5. Bg2 d6 6. 0-0 Bd7 7. h3 Rb8 8. d3 b5 9. Ne2 Nf6 10. Ne1 0-0 11. f4 Ne8 12. Nf3 e6 13. Kh2 Qb6 14. c3 b4 15. g4 bxc3 16. bxc3 f5 17. gxf5 exf5 18. Rg1 Qa5 19. Nd2 Qa6 20. exf5 Bxf5 21. Bd5+ Kh8 22. Bc4 Qc8 23. Ne4 Qd7 24. Ng5 Nc7 25. Bb3 Ne6 26. Nf3 Bf6 27. Be3 Rbe8 28. d4 Nexd4 29. Bxd4 cxd4 30. Nexd4 Nxd4 31. Nxd4 Re3 32. Rg3 Rxg3 33. Kxg3 Bxh3 34. Ba4 Qc8 35. Nb5 a6 36. Nd4 Qxc3+ 37. Nf3 Qxa1 38. Kxh3 Qxd1 39. Bxd1 Bb2 0-1

[Event "NRW-ch"]
[Site "Dortmund"]
[Date "2001.10.10"]
[Round "5"]
[White "Nowik, Volker"]
[Black "Langer, Christian"]
[Result "1-0"]
[WhiteElo "2037"]
[BlackElo "2073"]
[PlyCount "93"]
[EventDate "2001.10.06"]
[EventType "tourn"]
[EventRounds "9"]
[EventCountry "GER"]
[SourceTitle "CBM 085 Extra"]
[Source "ChessBase"]
[SourceDate "2002.01.21"]
[SourceVersion "1"]
[SourceVersionDate "2002.01.21"]
[SourceQuality "1"]

1. e4 g6 2. d4 Bg7 3. Nc3 c6 4. Bc4 d6 5. Qf3 e6 6. Nge2 d5 7. Bb3 Nd7 8. 0-0 Ne7 9. Bg5 f6 10. Bh4 0-0 11. Na4 Kh8 12. Bg3 dxe4 13. Qxe4 e5 14. dxe5 Nxe5 15. Rad1 Qc7 16. Rfe1 Nf5 17. Qb4 Nxg3 18. hxg3 Bg4 19. f3 Bxf3 20. gxf3 Nxf3+ 21. Kg2 Nxe1+ 22. Rxe1 Rfe8 23. Nf4 Rxe1 24. Qxe1 c5 25. Nxg6+ hxg6 26. Qh1+ Bh6 27. Qxh6+ Qh7 28. Qxh7+ Kxh7 29. Nxc5 b6 30. Ne6 Rc8 31. c3 Rc6 32. Bd5 Rd6 33. c4 g5 34. Kf3 Kg6 35. Ke4 Kf7 36. Nxg5+ Ke7 37. Ne6 Rd7 38. g4 Rd6 39. Nd4 Rd7 40. b4 Rc7 41. Nb5 Rd7 42. a4 a6 43. Nd4 Kd6 44. Kf5 Rg7 45. Ne6 Rg8 46. Bb7 Re8 47. c5+ 1-0

[Event "NRW-ch"]
[Site "Dortmund"]
[Date "2001.10.09"]
[Round "4"]
[White "Langer, Christian"]
[Black "Bischof, Detlef"]
[Result "1-0"]
[WhiteElo "2073"]
[BlackElo "2204"]
[PlyCount "78"]
[EventDate "2001.10.06"]
[EventType "tourn"]
[EventRounds "9"]
[EventCountry "GER"]
[SourceTitle "CBM 085 Extra"]
[Source "ChessBase"]
[SourceDate "2002.01.21"]
[SourceVersion "1"]
[SourceVersionDate "2002.01.21"]
[SourceQuality "1"]

1. e4 e6 2. Nf3 d5 3. e5 c5 4. b4 cxb4 5. a3 d4 6. axb4 Bxb4 7. Na3 Ne7 8. Bb2 Nbc6 9. Bd3 Ng6 10. Bxg6 hxg6 11. Qe2 Bc5 12. Nb5 Kf8 13. Ba3 Qb6 14. 0-0 Bxa3 15. Nxa3 Qc5 16. Rfb1 f6 17. Rb5 Qe7 18. Nc4 Rb8 19. Qd3 Bd7 20. Rb2 b5 21. exf6 gxf6 22. Na5 Nxa5 23. Rxa5 Be8 24. Qxd4 Kf7 25. Rxa7 Rb7 26. Ng5+ fxg5 27. Rxb7 Qxb7 28. Qxh8 Qe4 29. Rb1 Bc6 30. f3 Qxc2 31. Qb2 Qc5+ 32. d4 Qd5 33. h3 Kf6 34. Qb4 Kf7 35. Rc1 Be8 36. Rc5 Qd8 37. Qd2 Kg7 38. Rxg5 b4 39. Re5 Qb6 1-0